| 000 | 00471nam a22001577a 4500 | ||
|---|---|---|---|
| 003 | 0 | ||
| 005 | 20230619091852.0 | ||
| 008 | 230619b xxu||||| |||| 00| 0 eng d | ||
| 020 | _a978-971-009-213-0 | ||
| 082 |
_aFil. Wa244 _b1999 |
||
| 245 |
_aWANTED: Lolit, lamok ng dengue _cGatmaitan, Luis P. |
||
| 260 |
_aMakati City _bTahanan Books for Young Readers _cc1999 |
||
| 300 |
_a28pp. _bcol. ill. _c23cm. |
||
| 500 | _aChildren's stories, Filipino. | ||
| 942 |
_2ddc _cBK |
||
| 999 |
_c365001 _d365001 |
||